| 000 | 00398pab a2200157 454500 | ||
|---|---|---|---|
| 008 | 180718b2011 xxu||||| |||| 00| 0 eng d | ||
| 100 | _aShivay, Yashbir Singh | ||
| 245 | _aSaline and Alkali soils and their management for effective utilization | ||
| 260 | _c2011 | ||
| 300 | _ap.8-12. | ||
| 362 | _aNov | ||
| 650 | _aSoil improvement | ||
| 773 | _aKurukshetra | ||
| 908 | _aN | ||
| 909 | _a93831 | ||
| 999 |
_c93831 _d93831 |
||